00602nam a2200181Ia 450000500170000000800410001702000150005808200190007310000140009224501060010626000460021230000150025865000150027365000160028894200060030495200950031099900150040520250312024240.0240331s9999 xx 000 0 und d a0801425891 a301bUPH25002 aUphoff, N 0aLearning from Gal Oya:bPossibilities for Participatory Development and Post-Newtonian Social Science aNew York,bCornell University Pressc1992 ax, 449 p., aIrrigation aAgriculture cL 001040708LaWERCLbWERCLcSSCd2024-03-31l0o 301 UPHp5002r2024-03-31w2024-03-31yL c1046d1046